[Event "GMT Classical"]
[Site "Biel, Switzerland"]
[Date "2022.07.20"]
[Round "5.2"]
[White "Salem, A.R. Saleh"]
[Black "Le, Quang Liem"]
[Result "0-1"]
[TimeControl "90 min / 40 moves + 30 min + 30 sec / move"]
[WhiteElo "2684"]
[BlackElo "2722"]

1. d4 Nf6 2. c4 e6 
 3. g3 Bb4+ 4. Bd2 Be7
 5. Bg2 
d5 6. Nf3 O-O 7. O-O 
 Nbd7 8. Qc2 c6 9. Rd1
 a5 10.
Bf4 a4 
11. Nbd2 Nh5 12. Be3 Nhf6 
 13. Bf4 Nh5 14. Be3 Nhf6
 15. Bg5 
h6 16. Bf4 Nh5 17. Be3 
 Nhf6 18. Bf4 Nh5 19. Be5
 f6 20.
Bf4 g5 
21. Be3 Ng7 22. Nf1 Nb6 
 23. b3 Bd7 24. c5 Nc8
 25. Bd2 
Be8 26. Ne3 Bh5 27. bxa4 
 Qe8 28. Qb3 Ra7 29. Bc3
 Bd8 30.
Re1 Rf7 
31. Nf1 b6 32. e4 Rfb7 
 33. Qd1 bxc5 34. dxc5 Qf8
 35. exd5 cxd5 36. Rc1 
 Ne7 37. Ne3 Nc6 38. Qd2
 Be8 39.
Nd4 Nxd4 40. Bxd4 Bc6 
 41. Rb1 Ba5 42. Bc3 Rxb1
 43. Rxb1 Qxc5 44. Bxa5 
 Qxa5 45. Qc2 Be8 46. Ng4
 f5 47.
Nf6+ Kf7 48. Nxe8 Nxe8 
 49. Qb2 Nf6 50. Qd4 Rc7
 51. Bf1 
Qa7 52. Rb6 Nd7 53. a5 
 Qxa5 54. Ra6 Qc5 55. Qh8
 Nf6 56.
Ra8 Kg6 
57. Rf8 Rg7 58. Rc8 Qd4 
 59. Bb5 f4 60. Be8+ Kf5
 61. Bb5 
Rb7 62. Be2 g4 63. Rb8 
 Rc7 64. Rc8 Rh7 65. Qf8
 fxg3 66.
hxg3 Kg6 67. Bb5 Rf7 
 68. Qh8 Qd1+ 69. Kh2 Qd2
 70. Kg2 
Rh7 71. Qf8 Rf7 72. Qh8 
 Qxa2 73. Bd3+ Kh5 74. Rg8
 Ne4 75.
Qe5+ Rf5 76. Bxe4 Qxf2+ 
 77. Kh1 Qe1+ 0-1

[Event "GMT Classical"]
[Site "Biel, Switzerland"]
[Date "2022.07.20"]
[Round "5.3"]
[White "Naiditsch, Arkadij"]
[Black "Abdusattorov, Nodirbek"]
[Result "0-1"]
[TimeControl "90 min / 40 moves + 30 min + 30 sec / move"]
[WhiteElo "2664"]
[BlackElo "2688"]

1. e4 c5 2. Nf3 Nc6 
 3. Bb5 g6 4. Bxc6 bxc6
 5. O-O 
Bg7 6. Re1 Qc7 7. Na3 
 d6 8. Nc4 e5 9. c3
 Be6 10.
Qa4 Ne7 
11. d4 cxd4 12. cxd4 exd4 
 13. Bf4 Bxc4 14. Qxc4 c5
 15. Rac1 O-O 16. e5 
 dxe5 17. Bxe5 Bxe5 18. Nxe5
 Nf5 19.
Qxc5 Qb7 20. Ng4 f6 
 21. Qa5 Nh4 22. f3 Qxb2
 23. Nf2 
Rae8 24. Red1 Re5 25. Qc7 
 Rg5 26. Rc2 Rxg2+ 27. Kh1
 Qb5 28.
a4 Qd5 
29. Rd3 Qe5 30. Ne4 Rxh2+ 
 0-1

[Event "GMT Classical"]
[Site "Biel, Switzerland"]
[Date "2022.07.20"]
[Round "5.4"]
[White "Esipenko, Andrey"]
[Black "Kamsky, Gata"]
[Result "1/2-1/2"]
[TimeControl "90 min / 40 moves + 30 min + 30 sec / move"]
[WhiteElo "2682"]
[BlackElo "2655"]

1. e4 e5 2. Nf3 Nc6 
 3. Bb5 a6 4. Ba4 Nf6
 5. O-O 
Be7 6. Re1 b5 7. Bb3 
 d6 8. c3 O-O 9. h3
 Nb8 10.
d4 Nbd7 
11. Nbd2 Bb7 12. Bc2 Re8 
 13. Nf1 Bf8 14. Ng3 g6
 15. Bd2 
Bg7 16. Qc1 d5 17. Bg5 
 dxe4 18. Bxe4 Bxe4 19. Nxe4
 exd4 20.
cxd4 Qc8 21. Nxf6+ Nxf6 
 22. Qc6 Qd7 23. Rxe8+ Qxe8
 24. Qxc7 Rc8 25. Qa7 
 Qe6 26. a3 Nd5 27. Re1
 Qd6 28.
Ne5 Qe6 
29. Nf3 Qd6 30. Rc1 Rxc1+ 
 31. Bxc1 h6 32. Bd2 Qe6
 33. Qb7 
Kh7 34. Ne5 Bxe5 35. dxe5 
 g5 36. Qa7 Qf5 37. Qd4
 Nc7 38.
Be3 Ne6 
39. Qc3 h5 40. b4 Kg6 
 41. Qc6 Qxe5 42. Qxa6 Qa1+
 43. Kh2 
Qe5+ 44. Kg1 1/2-1/2

[ePGN "0.1;DGT LiveChess/2.2.5"]

[Event "GMT Classical"]
[Site "Biel, Switzerland"]
[Date "2022.07.21"]
[Round "6.1"]
[White "Gukesh, D"]
[Black "Kamsky, Gata"]
[Result "1/2-1/2"]
[TimeControl "90 min / 40 moves + 30 min + 30 sec / move"]
[WhiteElo "2684"]
[BlackElo "2655"]

1. d4 Nf6 2. c4 g6 
 3. Nc3 d5 4. cxd5 Nxd5
 5. e4 
Nxc3 6. bxc3 Bg7 7. Bc4 
 O-O 8. Ne2 c5 9. O-O
 Nc6 10.
Be3 b6 
11. Qd2 Bb7 12. d5 Ne5 
 13. Bb3 Ba6 14. Bg5 Qd7
 15. f4 
Bxe2 16. Qxe2 c4 17. Bc2 
 Nd3 18. Bxd3 cxd3 19. Qxd3
 Rac8 20.
Rac1 Rc5 21. f5 Qd6 
 22. Be3 Ra5 23. Rc2 Be5
 24. g3 
Rc8 25. Bd4 f6 26. fxg6 
 hxg6 27. Rcf2 Kg7 28. Qd1
 Ra3 29.
Bxe5 Qxe5 30. Qd4 Qxd4 
 31. cxd4 Rd3 32. e5 f5
 33. g4 
Rxd4 34. gxf5 Rxd5 35. Re2 
 Rf8 36. Rg2 Rxe5 37. Rxg6+
 Kf7 38.
Rh6 Kg7 
39. Rg6+ Kf7 40. Rh6 Kg7 
 1/2-1/2

[Event "GMT Classical"]
[Site "Biel, Switzerland"]
[Date "2022.07.21"]
[Round "6.2"]
[White "Abdusattorov, Nodirbek"]
[Black "Esipenko, Andrey"]
[Result "0-1"]
[TimeControl "90 min / 40 moves + 30 min + 30 sec / move"]
[WhiteElo "2688"]
[BlackElo "2682"]

1. e4 e5 2. Nf3 Nc6 
 3. Bc4 Nf6 4. d3 Bc5
 5. O-O 
h6 6. c3 d6 7. b4 
 Bb6 8. a4 a5 9. b5
 Ne7 10.
Be3 Bxe3 11. fxe3 O-O 
 12. Nbd2 Ng6 13. d4 c6
 14. Rb1 
d5 15. Bd3 dxe4 16. Bxe4 
 Nxe4 17. Nxe4 exd4 18. exd4
 cxb5 19.
Rxb5 Bd7 20. Rb2 Bc6 
 21. Qb1 Re8 22. Nc5 Re3
 23. Qc1 
Qe7 24. Re1 Rxe1+ 25. Qxe1 
 Qd6 26. Qg3 Qd5 27. Ne5
 Nxe5 28.
Qxe5 Qc4 29. Qg3 Re8 
 30. h4 b6 31. Rxb6 Bxg2
 32. Qd3 
Qd5 33. Qg3 Qc4 34. Qd3 
 Qa2 35. Qb1 Qd2 36. Rb8
 Bc6 37.
Rxe8+ Bxe8 38. Qe4 Kf8 
 39. Qe5 Qxc3 40. Kf2 Qb2+
 41. Ke3 
Qb6 42. Kd3 Qd8 43. Qf4 
 Kg8 44. Qe4 Qb8 45. d5
 Qb1+ 46.
Kd4 Qa1+ 47. Kd3 Qd1+ 
 48. Kc3 Kf8 49. Qd4 Qxd4+
 50. Kxd4 Ke7 51. Ke5 
 f6+ 52. Kd4 h5 53. Nb7
 g5 54.
hxg5 fxg5 55. Nxa5 Bxa4 
 56. Nb7 h4 57. Nc5 Bc2
 58. Ke5 
h3 59. d6+ Kf7 60. Ne6 
 h2 61. Kd4 0-1

[Event "GMT Classical"]
[Site "Biel, Switzerland"]
[Date "2022.07.21"]
[Round "6.4"]
[White "Keymer, Vincent"]
[Black "Salem, A.R. Saleh"]
[Result "1/2-1/2"]
[TimeControl "90 min / 40 moves + 30 min + 30 sec / move"]
[WhiteElo "2686"]
[BlackElo "2684"]

1. d4 Nf6 2. c4 e6 
 3. Nf3 d5 4. Nc3 Nbd7
 5. cxd5 
exd5 6. Qc2 c6 7. Bg5 
 h6 8. Bh4 Be7 9. e3
 O-O 10.
Bd3 Re8 
11. Nd2 Nf8 12. h3 Bd6 
 13. Ne2 Bd7 14. O-O Ne6
 15. Nf3 
Nf8 16. Rae1 Rc8 17. Nc3 
 Be6 18. Ne5 c5 19. Bb5
 Re7 20.
Bxf6 gxf6 21. Nf3 c4 
 22. e4 Bb4 23. Ba4 dxe4
 24. Nxe4 Kg7 25. Re3 
 Ng6 26. Qc1 Qd5 27. Bc2
 f5 28.
Ng3 f4 
29. Re5 Nxe5 30. Nh5+ Kf8 
 31. dxe5 Bd2 32. Qxd2 Qxd2
 33. Nxd2 c3 34. bxc3 
 Rxc3 35. Bb1 Ra3 36. Rc1
 Bxa2 37.
Bxa2 Rxa2 38. Nf3 Ra6 
 39. Rc8+ Re8 40. Rc7 Re7
 41. Rc8+ Re8 42. Rc7 
 Re7 43. Rc4 b5 44. Rd4
 Rb7 45.
Nh4 b4 
46. Nf6 Ke7 47. Nd5+ Ke6 
 48. Nxf4+ Kxe5 49. Nf3+ Kf6
 50. Nd5+ Kg7 51. Nxb4 
 Ra4 52. Nc6 Rxd4 53. Nfxd4
 a6 54.
g3 Rd7 
55. Kf1 a5 56. Nf5+ Kh7 
 57. Nxa5 Rd5 58. Nxh6 Kxh6
 59. Nc4 
f5 60. Ne3 Rb5 61. Kg2 
 Kg6 62. Nc2 Kf6 63. g4
 fxg4 64.
hxg4 Rb3 65. Ne3 Ke5 
1/2-1/2

[ePGN "0.1;DGT LiveChess/2.2.5"]

[Event "GMT Classical"]
[Site "Biel, Switzerland"]
[Date "2022.07.22"]
[Round "7.1"]
[White "Salem, A.R. Saleh"]
[Black "Gukesh, D"]
[Result "1-0"]
[TimeControl "90 min / 40 moves + 30 min + 30 sec / move"]
[WhiteClock "00:14:49"]
[BlackClock "00:16:34"]
[WhiteElo "2684"]
[BlackElo "2684"]

1. d4 Nf6 2. c4 e6 
 3. g3 d5 4. Bg2 Bb4+
 5. Nd2 
O-O 6. Ngf3 b6 7. O-O 
 Bb7 8. cxd5 exd5 9. Nb1
 Nbd7 10.
Qb3 Bd6 
11. Nc3 Re8 12. Bg5 h6 
 13. Bf4 Bxf4 14. gxf4 Ne4
 15. e3 
c5 16. Rfd1 c4 17. Qc2 
 Rc8 18. Bh3 Rc7 19. Kh1
 Ndf6 20.
Ne5 Bc8 
21. Bxc8 Qxc8 22. Rg1 Nd6 
 23. Rg2 Qf5 24. Qa4 Kh7
 25. Rag1 g6 26. f3 
 Ree7 27. a3 a5 28. Qd1
 b5 29.
Qe1 b4 
30. axb4 axb4 31. Na2 b3 
 32. Nc3 Qh3 33. e4 Re8
 34. Rg3 
Qh4 35. f5 dxe4 36. fxg6+ 
 fxg6 37. Rxg6 Qxe1 38. Rxe1
 Rf8 39.
fxe4 Rg7 40. Rxg7+ Kxg7 
 41. Rg1+ Kh7 42. Rf1 Kg7
 43. Kg2 
h5 44. Rf2 Ra8 45. Kf3 
 Ra1 46. Rg2+ Kh7 47. Kf4
 Rc1 48.
Nf3 Rc2 
49. Rg1 Kh6 50. e5 Rxc3 
 51. exd6 Rd3 52. Rc1 Nd5+
 53. Ke4 
Nf6+ 54. Kf4 Nd5+ 55. Ke5 
 Nb6 56. Ke4 Kg7 57. d7
 1-0

[Event "GMT Classical"]
[Site "Biel, Switzerland"]
[Date "2022.07.22"]
[Round "7.2"]
[White "Naiditsch, Arkadij"]
[Black "Keymer, Vincent"]
[Result "1-0"]
[TimeControl "90 min / 40 moves + 30 min + 30 sec / move"]
[WhiteClock "01:03:16"]
[BlackClock "00:38:40"]
[WhiteElo "2664"]
[BlackElo "2686"]

1. e4 c5 2. Nf3 d6 
 3. d4 cxd4 4. Nxd4 Nf6
 5. Nc3 
a6 6. Be3 e5 7. Nb3 
 Be6 8. Be2 Be7 9. O-O
 O-O 10.
Qd2 Nbd7 11. a4 Nb6 
 12. a5 Nc4 13. Bxc4 Bxc4
 14. Rfd1 h6 15. f3 
 Rc8 16. Nc1 Be6 17. N1e2
 Qc7 18.
Ng3 Rfe8 19. h3 Qc6 
 20. Kh2 Kh7 21. Rac1 Qc4
 22. Nge2 Rcd8 23. b3 
 Qc8 24. Nd5 Nxd5 25. exd5
 Bf5 26.
c4 Bg6 
27. b4 Qd7 28. c5 Rc8 
 29. Kh1 Red8 30. Qa2 f5
 31. Nc3 
dxc5 32. d6 Bg5 33. Bxg5 
 hxg5 34. Na4 cxb4 35. Nc5
 Qb5 36.
Ne6 Rxc1 37. Rxc1 b3 
 38. Qd2 f4 39. Nxd8 b2
 40. Ne6 
Bf5 41. d7 Qxa5 1-0

[Event "GMT Classical"]
[Site "Biel, Switzerland"]
[Date "2022.07.22"]
[Round "7.3"]
[White "Esipenko, Andrey"]
[Black "Le, Quang Liem"]
[Result "1/2-1/2"]
[TimeControl "90 min / 40 moves + 30 min + 30 sec / move"]
[WhiteClock "00:07:35"]
[BlackClock "00:51:26"]
[WhiteElo "2682"]
[BlackElo "2722"]

1. e4 e5 2. Nf3 Nc6 
 3. Bb5 a6 4. Ba4 Nf6
 5. O-O 
b5 6. Bb3 Bc5 7. c3 
 d6 8. a4 Rb8 9. d4
 Bb6 10.
a5 Ba7 
11. h3 O-O 12. Be3 Ra8 
 13. Nbd2 h6 14. Re1 Re8
 15. Bc2 
exd4 16. cxd4 Bb7 17. Bb1 
 Ne7 18. Nh4 c5 19. d5
 Bc8 20.
Nf1 Ng6 
21. Nxg6 fxg6 22. Ng3 g5 
 23. Qc2 Bd7 24. b3 Rc8
 25. Qd2 
Rc7 26. Bc2 Bc8 27. Qd3 
 Rf7 28. Re2 g4 29. h4
 Re5 30.
Bf4 Nd7 
31. Nf5 Kh8 32. h5 Rf6 
 33. Rae1 Qe8 34. Bd1 Qxh5
 35. Qg3 
c4 36. bxc4 bxc4 37. Re3 
 Bxe3 38. Rxe3 Rexf5 39. exf5
 Qxf5 40.
Bxd6 Bb7 41. Bxg4 Qxd5 
 42. Bxd7 1/2-1/2

[Event "(QRT)"]
[Site ""]
[Date "1970-01-01"]
[Round "1.17"]
[White "Zayed Sultan Al Taher"]
[Black "Visakh N R"]
[Result "0-1"]
[WhiteTitle ""]
[WhiteElo "1537"]
[WhiteCountry "UAE"]
[WhiteFideId "9310592"]
[BlackTitle "GM"]
[BlackElo "2391"]
[BlackCountry "IND"]
[BlackFideId "25012223"]

1. d4 Nf6 2. c4 e6 3. Nc3 Bb4 4. Bd2 b6 5. Nf3 Bb7 6. e3 O-O 7. Bd3 d6 8. O-O Nbd7 9. a3 Bxc3 10. Bxc3 Ne4 11. Qc2 f5 12. Nd2 Nxc3 13. Qxc3 Qf6 14. e4 c5 15. d5 Qxc3 16. bxc3 Ne5 17. Bc2 Rae8 18. dxe6 f4 19. Nf3 Nc6 20. Rfe1 Rxe6 21. e5 Nxe5 22. Bxh7+ Kh8 23. Nxe5 Kxh7 24. Nd3 Rg6 25. g3 fxg3 26. fxg3 Rf3 27. Rad1 Ba6 28. Kg2 Rf7 29. Nb2 Rgf6 30. Rd2 Rf3 31. Re4 Bb7 32. Rh4+ Kg8 33. Kh3 Rf2 34. Rxd6 Bc8+ 0-1

[Event "(QRT)"]
[Site ""]
[Date "1970-01-01"]
[Round "1.19"]
[White "Python Noe"]
[Black "Haimovich Tal"]
[Result "1-0"]
[WhiteTitle ""]
[WhiteElo "1446"]
[WhiteCountry "SUI"]
[WhiteFideId "1337637"]
[BlackTitle "IM"]
[BlackElo "2340"]
[BlackCountry "ISR"]
[BlackFideId "2801698"]

1. e4 e6 2. d4 d5 3. Nd2 Ne7 4. c3 Nd7 5. Bd3 c5 6. Ne2 Nc6 7. Nf3 cxd4 8. Nexd4 Nxd4 9. Nxd4 dxe4 10. Bxe4 Nc5 11. Bc2 e5 12. Qe2 Bd6 13. Nf5 Bxf5 14. Bxf5 O-O 15. Be3 Qf6 16. Bxc5 Bxc5 17. Bc2 Rad8 18. O-O g6 19. Rad1 h5 20. Kh1 h4 21. f3 Qg5 22. Rxd8 Rxd8 23. Rd1 Rxd1+ 24. Bxd1 Qc1 25. a3 Bb6 26. h3 a6 27. Kh2 Kh7 28. Kh1 Kg8 29. Kh2 Bc7 30. Kh1 1-0

[Event "(QRT)"]
[Site ""]
[Date "1970-01-01"]
[Round "1.20"]
[White "Krishna C R G"]
[Black "Galerne Nicolas"]
[Result "1-0"]
[WhiteTitle "IM"]
[WhiteElo "2335"]
[WhiteCountry "IND"]
[WhiteFideId "5018625"]
[BlackTitle ""]
[BlackElo "1435"]
[BlackCountry "SUI"]
[BlackFideId "1347128"]

1. d4 c6 2. Nf3 d5 3. c4 Nf6 4. e3 e6 5. Nc3 Nbd7 6. Nd2 Be7 7. g3 O-O 8. Bg2 dxc4 9. Nxc4 Nb6 10. Ne5 Nbd5 11. O-O Nd7 12. Nf3 Nxc3 13. bxc3 c5 14. Qd3 Rb8 15. e4 cxd4 16. cxd4 Bf6 17. Bf4 Ra8 18. Rac1 Re8 19. Bc7 Qe7 20. e5 Bg5 21. Bd6 Qd8 22. Nxg5 Qxg5 23. f4 Qd8 24. f5 Qb6 25. fxe6 Rxe6 26. Kh1 Rxd6 27. exd6 Qxd6 28. Qc4 Nf6 29. Qxc8+ Rxc8 30. Rxc8+ Qf8 31. Rxf8+ Kxf8 1-0

[Event "(QRT)"]
[Site ""]
[Date "1970-01-01"]
[Round "1.21"]
[White "Sahithi Varshini M"]
[Black "Herrera Reyes Jose Antonio"]
[Result "1-0"]
[WhiteTitle "WIM"]
[WhiteElo "1392"]
[WhiteCountry "IND"]
[WhiteFideId "45095248"]
[BlackTitle "FM"]
[BlackElo "2333"]
[BlackCountry "ESP"]
[BlackFideId "2274914"]

1. e4 c5 2. Nf3 e6 3. g3 b6 4. Bg2 Bb7 5. Nc3 a6 6. a4 Qc7 7. O-O d6 8. Re1 Nd7 9. d4 cxd4 10. Qxd4 Ngf6 11. Be3 Be7 12. Nd2 Rc8 13. f4 O-O 14. Bf3 Qb8 15. Nc4 Rc6 16. Qd3 Rfc8 17. Na3 Nc5 18. Qe2 R6c7 19. Nc4 Ncxe4 20. Nxb6 Nxc3 21. bxc3 Bxf3 22. Qxf3 Re8 23. Bd4 Qd8 24. Rab1 d5 25. f5 Ne4 26. fxe6 fxe6 27. Qd3 Bc5 28. Bxc5 Rxc5 29. c4 Qf6 30. Rf1 Qc3 31. cxd5 exd5 32. Nxd5 Qe5 33. Nf4 h6 34. Rb7 Nf6 35. Ng6 Rd5 36. Nxe5 Rxd3 37. Nxd3 Re2 38. Nf4 Rxc2 39. Ne6 1-0

[Event "(QRT)"]
[Site ""]
[Date "1970-01-01"]
[Round "1.22"]
[White "Schnepp Gunnar"]
[Black "Hari Charan Sai Kalluri"]
[Result "0-1"]
[WhiteTitle "FM"]
[WhiteElo "2297"]
[WhiteCountry "AUT"]
[WhiteFideId "1604503"]
[BlackTitle ""]
[BlackElo "1351"]
[BlackCountry "IND"]
[BlackFideId "46647759"]

1. d4 d5 2. c4 c6 3. Nc3 Nf6 4. e3 a6 5. Nf3 Bf5 6. Qb3 b5 7. cxd5 cxd5 8. a4 b4 9. Qxb4 Nc6 10. Qc5 Na5 11. Ne5 e6 12. Bb5+ axb5 13. Qxb5+ Nd7 14. O-O Rb8 15. Qe2 Nxe5 16. dxe5 Be7 17. Rd1 Qb6 18. Qb5+ Qxb5 19. axb5 Nb3 20. Ra7 Bc5 21. Rc7 O-O 22. h3 0-1

[Event "(QRT)"]
[Site ""]
[Date "1970-01-01"]
[Round "1.23"]
[White "Markus David"]
[Black "Iniyan P"]
[Result "0-1"]
[WhiteTitle ""]
[WhiteElo "1351"]
[WhiteCountry "SLO"]
[WhiteFideId "14628090"]
[BlackTitle "GM"]
[BlackElo "2295"]
[BlackCountry "IND"]
[BlackFideId "25002767"]

1. d4 Nf6 2. Bf4 d5 3. e3 c5 4. c3 Nc6 5. Bd3 Qb6 6. Qb3 c4 7. Qxb6 axb6 8. Bc2 b5 9. Nd2 b4 10. Ngf3 Bg4 11. O-O Bxf3 12. gxf3 e6 13. e4 Be7 14. Rfe1 b5 15. Be5 O-O 16. Bxf6 Bxf6 17. Nf1 bxc3 18. bxc3 b4 19. exd5 exd5 20. Ne3 Rfd8 21. Red1 bxc3 22. Nxd5 Rxd5 23. Be4 Rd6 24. Rac1 Ra3 25. d5 Ne7 26. Rb1 g6 27. Rb8+ Kg7 28. Rb5 Rxa2 29. Rc5 Rd2 30. Rc1 Nxd5 31. Rxc4 Nf4 32. Kf1 Rd1+ 0-1

[Event "(QRT)"]
[Site ""]
[Date "1970-01-01"]
[Round "1.24"]
[White "Mohammad Nubairshah Shaikh"]
[Black "Cagnoni Mariano"]
[Result "1-0"]
[WhiteTitle "IM"]
[WhiteElo "2240"]
[WhiteCountry "IND"]
[WhiteFideId "5053196"]
[BlackTitle ""]
[BlackElo "1320"]
[BlackCountry "SUI"]
[BlackFideId "1347896"]

1. c4 c5 2. g3 g6 3. Nc3 Nc6 4. a3 Bg7 5. Rb1 Nf6 6. Bg2 d6 7. b4 O-O 8. Nf3 cxb4 9. axb4 a5 10. b5 Nb4 11. Ba3 d5 12. Bxb4 axb4 13. Rxb4 d4 14. Ra4 Bf5 15. Rxa8 Qxa8 16. Nxd4 Qa7 17. O-O Kh8 18. d3 h5 1-0

[Event "(QRT)"]
[Site ""]
[Date "1970-01-01"]
[Round "1.25"]
[White "Trubini Timon"]
[Black "Unuk Laura"]
[Result "0-1"]
[WhiteTitle ""]
[WhiteElo "1318"]
[WhiteCountry "SUI"]
[WhiteFideId "1347799"]
[BlackTitle "IM"]
[BlackElo "2180"]
[BlackCountry "SLO"]
[BlackFideId "14609215"]

1. e4 e6 2. d4 d5 3. exd5 exd5 4. Nf3 Bd6 5. Bd3 Ne7 6. O-O O-O 7. Nc3 c6 8. Ne2 Bf5 9. Ng3 Bg6 10. Re1 Nd7 11. Be3 Qc7 12. Qd2 Rae8 13. Re2 a5 14. Rae1 Nb6 15. Bg5 f6 16. Bxg6 hxg6 17. Be3 Nc4 18. Qc3 Bb4 19. Qb3 Bxe1 20. Rxe1 Nf5 21. Nxf5 gxf5 22. Qc3 Nxe3 23. Rxe3 f4 24. Re1 Re4 25. Rd1 Rfe8 26. h3 Re2 27. a3 Qd7 28. Rc1 Qf5 29. Nh4 Qe4 30. Nf3 a4 31. h4 Qg6 32. Re1 Rxe1+ 33. Nxe1 Qe4 34. f3 Qxe1+ 0-1

[Event "(QRT)"]
[Site ""]
[Date "1970-01-01"]
[Round "1.26"]
[White "Raja Harshit"]
[Black "Mahitosh Dey"]
[Result "1-0"]
[WhiteTitle "GM"]
[WhiteElo "2164"]
[WhiteCountry "IND"]
[WhiteFideId "5089000"]
[BlackTitle "FM"]
[BlackElo "1260"]
[BlackCountry "IND"]
[BlackFideId "25091468"]

1. e4 e5 2. Nf3 Nf6 3. Nxe5 d6 4. Nf3 Nxe4 5. d4 d5 6. Bd3 Bd6 7. O-O O-O 8. c4 c6 9. Nc3 Nxc3 10. bxc3 dxc4 11. Bxc4 Bg4 12. h3 Bh5 13. g4 Bg6 14. Ne5 Bxe5 15. dxe5 Qa5 16. Bf4 Na6 17. Qe2 Nc5 18. a4 Qxc3 19. Rad1 Rad8 20. Rd6 Nd3 21. Bxd3 Bxd3 22. Qe3 c5 23. Rc1 Qb4 24. Bg5 f6 25. Rxd8 Rxd8 26. exf6 Qd4 27. Qe6+ Kh8 28. fxg7+ Kxg7 29. Qe7+ Kg6 30. Qxd8 1-0

[Event "(QRT)"]
[Site ""]
[Date "1970-01-01"]
[Round "1.27"]
[White "Mansoor Abdulmajeed"]
[Black "Schweizer Simon"]
[Result "0-1"]
[WhiteTitle ""]
[WhiteElo "1246"]
[WhiteCountry "UAE"]
[WhiteFideId "9327592"]
[BlackTitle ""]
[BlackElo "2145"]
[BlackCountry "JPN"]
[BlackFideId "1325361"]

1. e4 g6 2. Nf3 Bg7 3. d4 d6 4. Nc3 a6 5. a4 Bg4 6. Be3 Nc6 7. Be2 Bxf3 8. Bxf3 e5 9. d5 Nce7 10. g4 h6 11. Qe2 Nf6 12. h3 c6 13. a5 cxd5 14. exd5 Rc8 15. Bb6 Qd7 16. Ne4 Nxe4 17. Bxe4 O-O 18. O-O f5 19. gxf5 gxf5 20. Bg2 Ng6 21. f4 e4 22. c3 Kh7 23. Rae1 Rce8 24. Qd2 Bf6 25. Bd4 Bxd4+ 26. Qxd4 Nh4 27. Bxe4 fxe4 28. Rxe4 Qxh3 29. Re7+ Rxe7 0-1

[Event "(QRT)"]
[Site ""]
[Date "1970-01-01"]
[Round "1.28"]
[White "Aydin Gulenay"]
[Black "Tkhoruk Roman"]
[Result "1-0"]
[WhiteTitle "WFM"]
[WhiteElo "2103"]
[WhiteCountry "TUR"]
[WhiteFideId "34557431"]
[BlackTitle ""]
[BlackElo "1214"]
[BlackCountry "UKR"]
[BlackFideId "34161589"]

1. e4 c6 2. d4 d5 3. exd5 cxd5 4. c4 e6 5. Nc3 Nf6 6. Nf3 Bb4 7. Bd3 h6 8. O-O O-O 9. a3 Bd6 10. Qe2 Re8 11. Be3 Nc6 12. Rad1 Bf8 13. Rfe1 Qc7 14. Bb1 a6 15. c5 Bd7 16. Qd2 Rad8 17. Bf4 Qc8 18. Ne5 Re7 19. Re3 Ree8 20. Qd3 Nxd4 21. Qxd4 Bxc5 22. Qd3 Bxe3 23. Bxe3 Bc6 24. Bd4 Ne4 25. f3 Nxc3 26. Qh7+ Kf8 27. Bc5+ 1-0

[Event "(QRT)"]
[Site ""]
[Date "1970-01-01"]
[Round "3.29"]
[White "Markus David"]
[Black "Pernutz Hans-Gerhard"]
[Result "*"]
[WhiteTitle ""]
[WhiteElo "1351"]
[WhiteCountry "SLO"]
[WhiteFideId "14628090"]
[BlackTitle ""]
[BlackElo "2049"]
[BlackCountry "GER"]
[BlackFideId "4606620"]

1. e4 c5 2. Nf3 Nc6 3. d4 cxd4 4. Nxd4 Nf6 5. Nc3 d6 6. Be2 e6 7. Be3 Be7 8. O-O O-O 9. f4 Qc7 10. Ndb5 Qb8 11. Bf3 a6 12. Nd4 Qc7 13. Qd2 Bd7 14. Rad1 Rac8 15. Qf2 b5 16. a3 Nxd4 17. Bxd4 Bc6 18. Qg3 Rfd8 19. e5 Ne8 20. Ne4 Bxe4 21. Bxe4 g6 22. Qh3 dxe5 23. fxe5 Rxd4 24. Rxd4 Bc5 25. c3 Qxe5 26. Qd3 Rd8 27. Rd1 Nf6 28. Bf3 Nd5 29. Bxd5 Qxd5 30. Kh1 Bxd4 31. cxd4 e5 32. Qg3 exd4 33. Qc7 d3 34. Qb6 d2 35. Qe3 Qd4 36. Qe7 Rc8 37. Rf1 d1=Q 38. Qxf7+ Kh8 *

[Event "(QRT)"]
[Site ""]
[Date "1970-01-01"]
[Round "3.30"]
[White "Mamedov Edgar"]
[Black "Carey Michael"]
[Result "1-0"]
[WhiteTitle "CM"]
[WhiteElo "1838"]
[WhiteCountry "KAZ"]
[WhiteFideId "13739980"]
[BlackTitle ""]
[BlackElo "1816"]
[BlackCountry "USA"]
[BlackFideId "30923760"]

1. d4 c5 2. c3 Nf6 3. Nf3 d5 4. Bf4 Qb6 5. Qc2 Nc6 6. e3 cxd4 7. exd4 Bf5 8. Qb3 e6 9. Qxb6 axb6 10. Nbd2 Be7 11. Be2 Nd7 12. O-O h6 13. h3 f6 14. Nh4 Bh7 15. Bh5+ Kd8 16. Ng6 Bxg6 17. Bxg6 e5 18. dxe5 fxe5 19. Bg3 Rf8 20. Rfe1 Bd6 21. Bc2 Kc7 22. Bb3 Ra5 23. Rad1 Re8 24. Nf1 Nf6 25. Ne3 d4 26. Nc4 Rd5 27. Nxd6 Rxd6 28. cxd4 Nxd4 29. Rxe5 Nxb3 30. Rxe8 Nxe8 31. axb3 Kc6 32. Bxd6 Nxd6 33. Kf1 b5 34. Ke2 Kc5 35. Ke3 Nf5+ 36. Ke4 Nh4 1-0

[Event "(QRT)"]
[Site ""]
[Date "1970-01-01"]
[Round "3.33"]
[White "Cawthen Fred"]
[Black "Galerne Nicolas"]
[Result "*"]
[WhiteTitle ""]
[WhiteElo "1703"]
[WhiteCountry "ENG"]
[WhiteFideId "415464"]
[BlackTitle ""]
[BlackElo "1435"]
[BlackCountry "SUI"]
[BlackFideId "1347128"]

1. d4 c6 2. c4 d5 3. Nf3 Nf6 4. g3 Bf5 5. cxd5 cxd5 6. Bg2 e6 7. O-O Nc6 8. e3 Be7 9. a3 O-O 10. Nc3 h6 11. b4 Rc8 12. Bb2 Ne4 13. Nxe4 Bxe4 14. Rc1 a6 15. Qd2 Na7 16. Rxc8 Nxc8 17. Rc1 Nd6 18. Qe2 Nc4 19. Rxc4 dxc4 20. Qxc4 b5 21. Qc3 Qd5 22. Ne1 Bxg2 23. Nxg2 Bd6 24. Ne1 Qb7 25. Nd3 Rc8 26. Nc5 Bxc5 27. dxc5 f6 28. Qb3 Qe4 29. f3 Qd5 30. Qxd5 exd5 31. Bd4 Kf7 32. Kf2 Ke6 33. Ke2 Ra8 34. f4 a5 35. Kf3 axb4 36. axb4 g6 37. h3 h5 38. h4 f5 39. Be5 Ra4 40. Bc3 Ra3 41. Bd4 Rb3 42. Be5 Rxb4 43. Ke2 *

[Event "(QRT)"]
[Site ""]
[Date "2022-07-12"]
[Round "5.1"]
[White "Lagarde Maxime"]
[Black "Yu Yangyi"]
[Result "1/2-1/2"]
[WhiteTitle "GM"]
[WhiteElo "2653"]
[WhiteCountry "FRA"]
[WhiteFideId "662399"]
[BlackTitle "GM"]
[BlackElo "2738"]
[BlackCountry "CHN"]
[BlackFideId "8603820"]

1. c4 Nf6 2. Nc3 c5 3. Nf3 e6 4. e4 Nc6 5. Be2 Qb6 6. O-O Be7 7. a3 a5 8. d3 d6 9. h3 O-O 10. Rb1 Nd7 11. Be3 Nde5 12. Nb5 Nxf3+ 13. Bxf3 a4 14. d4 cxd4 15. Nxd4 Nxd4 16. Bxd4 Qc7 17. Rc1 Bg5 18. Rc2 e5 19. Bc3 Be6 20. Bb4 Ra6 21. Bg4 Bxc4 22. Rxc4 Qxc4 23. Be2 Qxe4 24. Bxa6 bxa6 25. Qxd6 Re8 26. Re1 Qa8 1/2-1/2

[Event "(QRT)"]
[Site ""]
[Date "2022-07-12"]
[Round "5.2"]
[White "Motylev Alexander"]
[Black "Iniyan P"]
[Result "1-0"]
[WhiteTitle "GM"]
[WhiteElo "2721"]
[WhiteCountry "FID"]
[WhiteFideId "4121830"]
[BlackTitle "GM"]
[BlackElo "2295"]
[BlackCountry "IND"]
[BlackFideId "25002767"]

1. e4 c5 2. Nc3 d6 3. Bb5+ Bd7 4. Bxd7+ Qxd7 5. d4 cxd4 6. Qxd4 Nc6 7. Qd3 Rc8 8. Nf3 g6 9. O-O Bg7 10. Nd5 Nf6 11. Bg5 Qe6 12. Rfe1 O-O 13. c3 Rfe8 14. h3 Nd7 15. Rad1 h6 16. Bc1 g5 17. Nd4 Qg6 18. Nf5 Bf8 19. Qg3 Nc5 20. h4 e6 21. h5 Nxe4 22. hxg6 Nxg3 23. Nf6+ Kh8 24. Nxg3 1-0

[Event "(QRT)"]
[Site ""]
[Date "2022-07-12"]
[Round "5.4"]
[White "Azarov Sergei"]
[Black "Gallagher Joseph G."]
[Result "1/2-1/2"]
[WhiteTitle "GM"]
[WhiteElo "2580"]
[WhiteCountry "BLR"]
[WhiteFideId "13501470"]
[BlackTitle "GM"]
[BlackElo "2425"]
[BlackCountry "SUI"]
[BlackFideId "1303422"]

1. e4 c5 2. Nf3 d6 3. d4 cxd4 4. Nxd4 Nf6 5. Nc3 a6 6. Bg5 Nc6 7. Qd2 Qb6 8. Nb3 e6 9. Bxf6 gxf6 10. O-O-O Qc7 11. Kb1 b5 12. f4 Bb7 13. Bd3 O-O-O 14. Qe2 h5 15. a4 b4 16. Na2 a5 17. c3 Qb6 18. cxb4 Nxb4 19. Rc1+ Kb8 20. Bb5 d5 21. e5 f5 22. Rhd1 d4 23. Nxb4 Bxb4 24. Nd2 h4 25. Nc4 Qa7 26. Ka1 Be4 27. Nd6 Bxd6 28. exd6 Rxd6 29. Rc4 d3 30. Qd2 Rg8 31. Rdc1 Rdd8 32. g3 hxg3 33. hxg3 Rc8 34. Rxc8+ Rxc8 35. Rxc8+ Kxc8 36. Bxd3 Qc5 37. Bb5 Bd5 38. Qc3 Qxc3 39. bxc3 Kc7 40. Kb2 Kb6 41. Kc2 Kc5 42. Kd3 f6 43. Bd7 Be4+ 44. Ke3 Bd5 45. Kd3 Kd6 46. Bb5 e5 47. Ke3 Be6 48. Kd3 Kc5 49. Ke3 Bc8 50. Kd2 Be6 51. Ke3 Bc8 52. Kd2 Be6 53. Ke3 1/2-1/2